000
00241nam a2200097Ia 4500
001
690830
005
20250826161823.0
008
250824s9999 xx 000 0 und d
245
0
_a
MEVLANA TERAPİ
_c
SENAİ DEMİRCİ
260
_b
DESTEK YAYINLARI
999
_c
690830
_d
690830